Carrots love tomatoes: secrets of companion planting for successful gardening
Tallennettuna:
| Päätekijä: | |
|---|---|
| Aineistotyyppi: | Kirja |
| Kieli: | englanti |
| Julkaistu: |
North Adams
Storey Publishing
1998
|
| Painos: | 1a. ed |
| Aiheet: | |
| Tagit: |
Lisää tagi
Ei tageja, Lisää ensimmäinen tagi!
|
MARC
| LEADER | 00000cam a2200000 a 4500 | ||
|---|---|---|---|
| 001 | UCC3008 | ||
| 003 | CL-VaPUC | ||
| 008 | 180329e19980000us |||||||||||||||||eng|d | ||
| 020 | |a 9781580170277 | ||
| 082 | 0 | 4 | |a 635 |b RIO |2 21 |
| 100 | 0 | |a Riotte, Louise |e author |9 597022 | |
| 245 | 1 | 0 | |a Carrots love tomatoes: secrets of companion planting for successful gardening |
| 250 | |a 1a. ed | ||
| 300 | |a 219 p | ||
| 942 | |c BK | ||
| 945 | |d 20180329 11:34:00 |a arojas | ||
| 260 | |a North Adams |b Storey Publishing |c 1998 | ||
| 650 | 0 | |a Cultivo de hortalizas |9 338094 | |
| 650 | 0 | |a Zanahorias |9 264161 | |
| 650 | 7 | |a TOMATE |2 CL-VaPUC |9 264158 | |
| 650 | 0 | |a Jardinería |9 310804 | |
| 583 | |a last modification |c 20180329 11:34:00 |k Rodrigo Vera | ||
| 999 | |c 370875 |d 370873 | ||
| 952 | |0 0 |1 0 |3 erb |4 0 |6 635_000000000000000_RIO_1998 |7 0 |8 A |9 487568 |a BIBAGR |b BIBAGR |i 5461472 |o 635 RIO 1998 |p 5461472 |r 2025-01-20 |w 2019-11-24 |y BK |z Catalogado en:20180329 |k AGR | ||